000
00271nam a22001217a 4500
008
170609b xxu||||| |||| 00| 0 eng d
041
_a
eng
080
_a
32
100
_a
19
101
_a
SHP
245
_a
THE SPIRIT OF CHINESE POLITICS
_c
PYE.LW
942
_2
udc
_c
BK
999
_c
16598
_d
16598